MARC details
| 000 -CABECERA |
| campo de control de longitud fija |
01252nam a2200217 a 4500 |
| 001 - NÚMERO DE CONTROL |
| campo de control |
000007379 |
| 005 - FECHA Y HORA DE LA ÚLTIMA TRANSACCIÓN |
| campo de control |
20200929154141.0 |
| 008 - DATOS DE LONGITUD FIJA--INFORMACIÓN GENERAL |
| campo de control de longitud fija |
090908s2001 dr 000 0 spa d |
| 020 ## - NÚMERO INTERNACIONAL ESTÁNDAR DEL LIBRO |
| Número Internacional Estándar del Libro |
8400079442 |
| 040 ## - FUENTE DE LA CATALOGACIÓN |
| Centro catalogador/agencia de origen |
DO-SdBNP |
| Lengua de catalogación |
spa |
| Centro/agencia transcriptor |
BNPHU |
| 082 ## - NÚMERO DE LA CLASIFICACIÓN DECIMAL DEWEY |
| Número de clasificación |
xxxx |
| Número de documento/Ítem |
xxxxx |
| 245 10 - MENCIÓN DE TÍTULO |
| Título |
Archivo gomá, documentos de la guerra civil : / |
| Mención de responsabilidad, etc. |
edición de José Andrés-Gallego y Antón M. Pazos. |
| 246 14 - FORMA VARIANTE DE TÍTULO |
| Título propio/Titulo breve |
Documentos de la Guerra Civil |
| 260 ## - PUBLICACIÓN, DISTRIBUCIÓN, ETC. |
| Lugar de publicación, distribución, etc. |
Madrid : |
| Nombre del editor, distribuidor, etc. |
Consejo Superior de Investigaciones Científicas, |
| Fecha de publicación, distribución, etc. |
2001. |
| 300 ## - DESCRIPCIÓN FÍSICA |
| Extensión |
589 p. : ; |
| Dimensiones |
24 cm. |
| 505 0# - NOTA DE CONTENIDO CON FORMATO |
| Título |
1 Julio-diciembre de 1936 / con la colaboración de Carlos Carrascal del Solar y José Manuel Martínez Jiméne -- |
| -- |
2 Enero de 1937 / con la colaboración de Santiago María Barroso Sánchez-Lafuente -- |
| -- |
3 Febrero de 1937 / con la colaboración de Santiago María Barroso Sánchez-Lafuente -- |
| -- |
4 marzo de 1937/con la colaboración de José Andrés-Gallego, Antón M. Pozos |
| -- |
5 Abril-Mayo 1937 /con la colaboración de de José Andrés-Gallego, Antón M. Pozos |
| 700 1# - PUNTO DE ACCESO ADICIONAL--NOMBRE DE PERSONA |
| Nombre de persona |
Andrés-Gallego, José, |
| Término indicativo de función/relación |
ed. |
| 9 (RLIN) |
20512 |
| 700 1# - PUNTO DE ACCESO ADICIONAL--NOMBRE DE PERSONA |
| Nombre de persona |
Pazos, Antón M. |
| Término indicativo de función/relación |
ed. |
| 9 (RLIN) |
20513 |
| 700 1# - PUNTO DE ACCESO ADICIONAL--NOMBRE DE PERSONA |
| Nombre de persona |
Barroso Sánchez-Lafuente, Santiago María |
| 9 (RLIN) |
20514 |
| 710 2# - PUNTO DE ACCESO ADICIONAL--NOMBRE DE ENTIDAD CORPORATIVA |
| Nombre de entidad corporativa o nombre de jurisdicción como elemento de entrada |
Consejo Superior de Investigaciones Científicas (España) |
| 9 (RLIN) |
15178 |